000 01416naa a22003497a 4500
001 BR8401915
003 BR-BrBNA
005 20250721154439.0
007 ta
008 250630b bl.|||m| |||| 00| 0 por d
040 _aBR-BrBNA
_bpor
_cBiblioteca Nacional de Agricultura
041 _a(Pt)
072 _aE15
_b2121
_bG514
090 _aE15 BR8401915
100 1 _aTeixeira, S.M.
100 1 _aOliveira, M.G.C. de
111 1 _a1. Simposio Brasileiro do Guarana
_cManaus, AM (Brazil)
_d24-28 Oct 1983
245 1 _aProcesso produtivo, custos envolvidos e avaliacao economica do investimento na cultura do guarana [Brasil]
246 1 _a[Productive process: costs involved and economic evaluation of the investment in guarana cultivation [Brazil]]
246 1 _a[Annals of the 1. Brazilian Symposium on Guarana]
500 _aAnais do 1. Simposio Brasileiro do Guarana Manaus, AM (Brasil): 1983. p. 461-473 [7 tables; 11 ref.] (BR8401915-AMS)
773 0 _tAnais do 1. Simposio Brasileiro do Guarana
_wE15 BR8401915
_gManaus, AM (Brasil), 1983. p. 461-473
650 _aGUARANA
650 _aSISTEMA DE PRODUCAO
650 _aCUSTO DE PRODUCAO
650 _aCREDITO
650 _aFINANCIAMENTO
650 _aINVESTIMENTO
490 _aDocumentos - Unidade de Execucao de Pesquisa de Ambito Estadual de Manaus (Brazil)
_vno. 3
942 _cAMS
_2AGRIS
909 _a202506
_bLúcia
_c55
_dLúcia Elande
999 _c334821
_d334821